00260nam a22000977a 4500008004100000020001800041082001200059245004500071260002800116300001800144230321b |||||||| |||| 00| 0 eng d a99936-0-257-4 a808.042 aReading and Literature:bEnglish class V bRoyal Education Council a231 p.c24 cm